Chemia nieorganiczna z zasadami chemii ogólnej / (Rekord nr 1002)
| 000 -ETYKIETA REKORDU | |
|---|---|
| podpole kontrolne o stałej długości | 00977nam a2200277 i 4500 |
| 001 - NUMER KONTROLNY REKORDU | |
| pole kontrolne | 1002 |
| 003 - IDENTYFIKATOR NUMERU KONTROLNEGO REKORDU | |
| podpole kontrolne | KOSZ 005 |
| 005 - DATA OSTATNIEJ MODYFIKACJI REKORDU | |
| podpole kontrolne | 20210701123411.0 |
| 008 - POLE O STAŁEJ DŁUGOŚCI - DANE KONTROLNE | |
| podpole kontrolne o stałej długości | 070728s1970 pl a f 001 0 pol |
| 015 ## - NUMER BIBLIOGRAFII NARODOWEJ | |
| Numer bibliografii narodowej | PB 1970/3494 |
| 040 ## - ŹRÓDŁO KATALOGOWANIA | |
| Instytucja, która sporządziła opis | WA N |
| Instytucja, która utworzyła rekord | KOSZ 005/RW |
| Instytucja, która dokonała modyfikacji | KOSZ 005/RW |
| 080 ## - UNIWERSALNA KLASYFIKACJA DZIESIĘTNA - UKD | |
| UKD | 546 |
| 100 1# - NAZWA OSOBOWA | |
| Nazwa osobowa | Tołłoczko, Stanisław |
| Daty związane z nazwą | (1868-1935) |
| Określenie rodzaju współpracy | Autor |
| 245 10 - TYTUŁ/ODPOWIEDZIALNOŚĆ | |
| Tytuł | Chemia nieorganiczna z zasadami chemii ogólnej / |
| Pozostałe elementy strefy tytułu i oznaczenia odpowiedzialności | Stanisław Tołłoczko, Wiktor Kemula. |
| 250 ## - STREFA WYDANIA | |
| Oznaczenie wydania | Wyd. 6 powojenne. |
| 260 ## - STREFA ADRESU WYDAWNICZEGO | |
| Miejsce wydania | Warszawa : |
| Nazwa wydawcy/dystrybutora | Państwowe Wydawnictwo Naukowe, |
| Data publikacji, dystrybucji/powstania dokumentu | 1970. |
| 300 ## - STREFA OPISU FIZYCZNEGO | |
| Objętość | 583, [1] s., [1] k. tabl. : |
| Inne cechy fizyczne | il. ; |
| Rozmiary | 25 cm. |
| 380 ## - FORMA I TYP PUBLIKACJI | |
| Forma i typ publikacji | Książki. |
| 504 ## - UWAGA DOTYCZĄCA BIBLIOGRAFII | |
| Informacje o bibliografii | Indeks. |
| 650 #4 - HASŁO PRZEDMIOTOWE W FORMIE NAZWY OGÓLNEJ LUB JEDNOSTKOWEJ | |
| Nazwa ogólna lub geograficzna | Chemia nieorganiczna |
| 655 #4 - TERMIN INDEKSOWY - OKREŚLENIE RODZAJU/FORMY DOKUMENTU | |
| Określenie rodzaju/formy dokumentu | Podręcznik |
| 710 2# - HASŁO DODATKOWE - NAZWA CIAŁA ZBIOROWEGO | |
| Nazwa ciała zbiorowego lub jednostki geograficznej | Państwowe Wydawnictwo Naukowe |
| Kod określenia powiązania | pbl. |
| 700 1# - HASŁO DODATKOWE - NAZWA OSOBOWA | |
| Nazwa osobowa | Kemula, Wiktor |
| Daty związane z nazwą | (1902-1985) |
| Określenie związku między hasłem a opisywanym materiałem | Autor |
| 856 ## - LOKALIZACJA I DOSTĘP DO ELEKTRONICZNYCH DOKUMENTÓW ZDALNYCH | |
| Link (URL) | http://koha.tu.koszalin.pl/cgi-bin/koha/opac-detail.pl?biblionumber=1002 |
| Tekst linku | Katalog online BPK |
| 942 ## - DODATKOWE ELEMENTY (KOHA) | |
| Schemat klasyfikacji | Uniwersalna Klasyfikacja Dziesiętna |
| Typ dokumentu | Książka |
| Wycofany | Status egzemplarza | Uszkodzony | Dostępność | Lokalizacja stała | Lokalizacja bieżąca | Miejsce przechowywania | Sygnatura | Kod kreskowy | Typ dokumentu | Dział | Ostatnio wypożyczono |
|---|---|---|---|---|---|---|---|---|---|---|---|
| Dostępny | Biblioteka Politechniki Koszalińskiej | Biblioteka Politechniki Koszalińskiej | Wypożyczalnia BG | P 22259 | 01934595 | Książka | |||||
| Tylko na miejscu | Biblioteka Politechniki Koszalińskiej | Biblioteka Politechniki Koszalińskiej | Czytelnia BG | 7992 | 01815337 | Książka | 546 Chemia nieorganiczna | ||||
| Dostępny | Biblioteka Politechniki Koszalińskiej | Biblioteka Politechniki Koszalińskiej | Wypożyczalnia BG | 7993 | 01473759 | Książka | |||||
| Dostępny | Biblioteka Politechniki Koszalińskiej | Biblioteka Politechniki Koszalińskiej | Wypożyczalnia BG | 7994 | 01770209 | Książka | 12.10.2017 |
